| 000 | 01197nam a22003375a 4500 | ||
|---|---|---|---|
| 008 | 120604t2007 caua|||fr|||| 001 0 eng d | ||
| 010 | _a 2006298803 | ||
| 020 | _a0321430840 (pbk.) | ||
| 020 | _a9780321430847 | ||
| 035 | _a(OCoLC)ocm71252517 | ||
| 040 |
_aEG-ScBuE _beng _cEG-ScBuE |
||
| 082 | 0 | 0 |
_a006.74 _bCAS _222 |
| 100 | 1 |
_aCastro, Elizabeth. _929995 |
|
| 245 | 1 | 0 |
_aHTML, XHTML & CSS : _bVisual Quickstart Guide / _cby Elizabeth Castro. |
| 246 | 3 | _aHTML for the World Wide Web | |
| 250 | _a6th ed. | ||
| 260 |
_aBerkeley : _bPeachpit Press, _cc.2007. |
||
| 300 |
_a456 p. : _bill. (some col.) ; _c23 cm. |
||
| 490 | _aVisual quickstart guide | ||
| 500 | _aIndex : p. 437-456. | ||
| 500 | _aPrevious ed.: published as HTML for the World Wide Web with XHTML and CSS. 2003. | ||
| 590 | _ayassmeen ashraf | ||
| 650 | 0 |
_aHypertext systems. _929997 _2BUEsh |
|
| 650 | 0 |
_aHTML (Document markup language) _929998 _2BUEsh |
|
| 650 | 0 |
_aCascading style sheets. _929999 _2BUEsh |
|
| 650 | 0 |
_aXHTML (Document markup language) _930000 _2BUEsh |
|
| 650 | 0 |
_aElectronic publishing. _930001 _2BUEsh |
|
| 651 | _2BUEsh | ||
| 653 |
_bCOMSCI _cAugust2015 |
||
| 942 |
_cBB _k006.74 CAS _2ddc |
||
| 999 |
_c9221 _d9221 |
||